| 000 | 00610nam a22002057a 4500 | ||
|---|---|---|---|
| 003 | OSt | ||
| 005 | 20140310182937.0 | ||
| 008 | 130201t xxu||||| |||| 00| 0 eng d | ||
| 020 | _a9789710388950 | ||
| 050 |
_aT 11 _b.C337 2010 |
||
| 082 |
_aFIL 808.06 .C337 2010 _b.C337 2010 |
||
| 245 |
_aDeveloping technical writing _btowards meetings academic challenges _cCasela, Neliza Cayaban, Cuevas, George Jeffrey M. |
||
| 260 |
_aMandaluyong City _bBooks Atbp _cc2010 |
||
| 300 |
_a247 p. _c23 cm. |
||
| 521 | _aCollege | ||
| 526 | _c1210L-1700L | ||
| 541 | _j1 | ||
| 562 | _e3 | ||
| 942 |
_2lcc _cBK _kFIL |
||
| 999 |
_c17654 _d17654 |
||